Culture Générale - Série 2487 - Statistiques

Statistiques générales
  • Ce quiz a été pris 216 fois
  • Le résultat moyen est 3 sur 10
Statistiques - réponses
Question Réponse % Correct
Comment écrit-on 9 en chiffres romains ? IX
99%
Ce mot peut désigner un poisson ou une séparation entre les cheveux raie
90%
Quel oiseau est appelé uraete ? aigle
30%
Distinction, récompense accordée à ceux qui, sans avoir obtenu de prix, s'en sont approchés - 8 lettres commençant par " a " accessit
16%
Quelle est la devise monétaire du Cambodge ? riel
10%
Point de repère fixe et identifiable sans ambiguïté utilisé pour la navigation maritime ou adjectif signifiant désagréable amer
8%
Plante crucifère, (Brassica nigra), dont la graine sert à faire la moutarde - désigne aussi la moutarde des champs sénevé
8%
Fenêtre en encorbellement aménagée sur un ou plusieurs niveaux d'une façade. Quand elle est fermée par une porte intérieure, on parle de « balcon-serre ».- 5 lettres commençant par " o " oriel
6%
Action de s'immiscer dans les affaires d'autrui ingérence
5%
Quelle plante est aussi appelée "mouron des oiseaux" ? stellaire
1%
Aucun quiz correspondant
Distribution des résultats
% des personnes avec chaque résultat
Percentile par nombre de réponses
Votre historique - résultats
Vous n’avez pas pris ce quiz